[Event "Sunway Formentera op 3rd"]
[Site "Sant Ferran de ses Roques"]
[Date "2024.04.17"]
[Round "8"]
[White "Pranav, V."]
[Black "Xiao, Tong"]
[Result "1/2-1/2"]
[WhiteElo "2604"]
[BlackElo "2484"]
[PlyCount "38"]
[EventDate "2024.04.09"]
[EventType "swiss"]
[EventRounds "10"]
[EventCountry "ESP"]
[SourceTitle "CB17_2024"]
[SourceDate "2024.04.24"]
[SourceVersion "1"]
[SourceVersionDate "2024.04.24"]
[SourceQuality "1"]

1. e4 c5 2. Nf3 e6 3. d4 cxd4 4. Nxd4 a6 5. c4 Nf6 6. Nc3 Bb4 7. Qd3 d5 8. Nc2 Bxc3+ 9. Qxc3 0-0 10. f3 dxe4 11. Bg5 Nbd7 12. 0-0-0 Qc7 13. Be2 b6 14. Ne3 Bb7 15. f4 b5 16. f5 Rac8 17. Kb1 Qb6 18. fxe6 fxe6 19. Qd4 Qxd4 1/2-1/2

[Event "Menorca op 3rd"]
[Site "Ciutadella de Menorca"]
[Date "2024.04.04"]
[Round "4"]
[White "Xiao, Tong"]
[Black "Murzin, Volodar"]
[Result "1/2-1/2"]
[WhiteElo "2484"]
[BlackElo "2632"]
[PlyCount "47"]
[EventDate "2024.04.02"]
[EventType "swiss"]
[EventRounds "9"]
[EventCountry "ESP"]
[SourceTitle "CB15_2024"]
[SourceDate "2024.04.10"]
[SourceVersion "1"]
[SourceVersionDate "2024.04.10"]
[SourceQuality "1"]

1. e4 c5 2. Nf3 d6 3. d4 cxd4 4. Nxd4 Nf6 5. Nc3 a6 6. Qd3 Nbd7 7. a4 b6 8. Bg5 Bb7 9. f3 e6 10. Be2 Be7 11. Qd2 0-0 12. 0-0 Rc8 13. Rfd1 Ne5 14. Nb3 Rc6 15. Kh1 Qc8 16. Qe1 Nc4 17. Bxc4 Rxc4 18. Rd3 h6 19. Bh4 Qc7 20. Rad1 Rd8 21. Nd2 Rc6 22. Nb3 Rc4 23. Nd2 Rc6 24. Nb3 1/2-1/2

[Event "CHN-chT Div A Finals"]
[Site "Nanjing"]
[Date "2023.12.04"]
[Round "3.13"]
[White "Lou, Yiping"]
[Black "Xiao, Tong"]
[Result "1/2-1/2"]
[WhiteElo "2454"]
[BlackElo "2480"]
[PlyCount "82"]
[EventDate "2023.12.02"]
[EventType "team-tourn"]
[EventRounds "10"]
[EventCountry "CHN"]
[SourceTitle "CB50_2023"]
[SourceDate "2023.12.13"]
[SourceVersion "1"]
[SourceVersionDate "2023.12.13"]
[SourceQuality "1"]
[WhiteTeam "Shanghai"]
[BlackTeam "Shandong"]
[WhiteTeamCountry "CHN"]
[BlackTeamCountry "CHN"]

1. e4 c5 2. Nf3 d6 3. d4 cxd4 4. Nxd4 Nf6 5. Nc3 a6 6. Bd3 g6 7. f3 Bg7 8. Be3 Nbd7 9. Be2 h5 10. 0-0 0-0 11. a4 e6 12. Qd2 Qc7 13. Nb3 d5 14. exd5 Nxd5 15. Nxd5 exd5 16. Bd4 Re8 17. Rfe1 Ne5 18. Qc3 Qxc3 19. Bxc3 Bf5 20. Nd4 Bd7 21. Kf2 Nc6 22. Nxc6 Bxc3 23. bxc3 Bxc6 24. a5 Kg7 25. Bd3 Kf6 26. h4 Rac8 27. Rxe8 Bxe8 28. Rb1 Rxc3 29. Rxb7 Bb5 30. Bxb5 axb5 31. Rxb5 Rxc2+ 32. Ke3 Ke5 33. f4+ Kd6 34. Rb7 Rxg2 35. Rxf7 Ra2 36. Rf6+ Kc5 37. Rxg6 Ra3+ 38. Kf2 Ra2+ 39. Ke3 Ra3+ 40. Kf2 Ra2+ 41. Ke3 Ra3+ 1/2-1/2

[Event "CHN-chT Div A Finals"]
[Site "Nanjing"]
[Date "2023.12.02"]
[Round "1.3"]
[White "Ma, Qun"]
[Black "Xiao, Tong"]
[Result "1-0"]
[WhiteElo "2653"]
[BlackElo "2480"]
[PlyCount "47"]
[EventDate "2023.12.02"]
[EventType "team-tourn"]
[EventRounds "10"]
[EventCountry "CHN"]
[SourceTitle "CB50_2023"]
[SourceDate "2023.12.13"]
[SourceVersion "1"]
[SourceVersionDate "2023.12.13"]
[SourceQuality "1"]
[WhiteTeam "Hangzhou Bank"]
[BlackTeam "Shandong"]
[WhiteTeamCountry "CHN"]
[BlackTeamCountry "CHN"]

1. e4 c5 2. Nf3 d6 3. d4 cxd4 4. Nxd4 Nf6 5. Nc3 a6 6. Bg5 e6 7. f4 Qb6 8. Qd2 Qxb2 9. Rb1 Qa3 10. f5 Be7 11. fxe6 Bxe6 12. Nxe6 fxe6 13. Bc4 Nbd7 14. Bxe6 Nc5 15. Bf5 g6 16. Bh3 0-0 17. 0-0 Rf7 18. Qd4 Raf8 19. Bh6 Re8 20. Nd5 Qxa2 21. Rbc1 Qa4 22. Qxa4 Nxa4 23. Be6 Nc5 24. Rxf6 1-0

[Event "Qatar Masters op"]
[Site "Doha"]
[Date "2023.10.20"]
[Round "9"]
[White "Xiao, Tong"]
[Black "Karthik, Venkataraman"]
[Result "0-1"]
[WhiteElo "2476"]
[BlackElo "2563"]
[PlyCount "114"]
[EventDate "2023.10.11"]
[EventType "swiss"]
[EventRounds "9"]
[EventCountry "QAT"]
[SourceTitle "Mega2024 Update 01"]
[Source "Chessbase"]
[SourceDate "2023.11.12"]
[SourceVersion "1"]
[SourceVersionDate "2023.11.12"]
[SourceQuality "1"]

1. e4 e5 2. Nf3 Nc6 3. Bb5 a6 4. Ba4 Nf6 5. 0-0 Be7 6. Re1 b5 7. Bb3 d6 8. c3 0-0 9. h3 Na5 10. Bc2 c5 11. d4 Qc7 12. d5 Bd7 13. b3 Rfc8 14. Nbd2 Nb7 15. c4 g6 16. Nf1 Nh5 17. Ng3 Ng7 18. Bh6 Nd8 19. Rf1 f6 20. Ne1 Nf7 21. Bd2 Rf8 22. Bc3 Rae8 23. a3 Qc8 24. Bd3 f5 25. exf5 gxf5 26. Be2 Bf6 27. Nh5 Nxh5 28. Bxh5 Qd8 29. Qd2 bxc4 30. bxc4 f4 31. Rb1 Bg7 32. Qd1 e4 33. Bxg7 Kxg7 34. Rb7 Re7 35. f3 e3 36. Nd3 Ne5 37. Nxe5 Rxe5 38. Qa1 Kh6 39. Bg4 Be8 40. Qc3 Bg6 41. a4 Qh4 42. Be6 Qg3 43. Bg4 Rfe8 44. Rb2 e2 45. Re1 Re3 46. Qc1 R8e5 47. a5 Kg5 48. Qa1 h5 49. Be6 Ra3 50. Qc1 Rxf3 51. Rbxe2 Rxe2 52. Rxe2 Rb3 53. Rb2 Be4 54. Bd7 Kh4 55. Bf5 Re3 56. Rf2 Bxg2 57. Qa1 Bxd5+ 0-1

[Event "Qatar Masters op"]
[Site "Doha"]
[Date "2023.10.12"]
[Round "2"]
[White "Van Foreest, Jorden"]
[Black "Xiao, Tong"]
[Result "1/2-1/2"]
[WhiteElo "2707"]
[BlackElo "2476"]
[PlyCount "97"]
[EventDate "2023.10.11"]
[EventType "swiss"]
[EventRounds "9"]
[EventCountry "QAT"]
[SourceTitle "Mega2024 Update 01"]
[Source "Chessbase"]
[SourceDate "2023.11.12"]
[SourceVersion "1"]
[SourceVersionDate "2023.11.12"]
[SourceQuality "1"]

1. e4 c5 2. Nf3 d6 3. d4 cxd4 4. Nxd4 Nf6 5. Nc3 a6 6. h3 e6 7. g4 d5 8. Nde2 Bc5 9. exd5 Qb6 10. Be3 Bxe3 11. fxe3 Qxe3 12. dxe6 Bxe6 13. Qd4 Qxd4 14. Nxd4 Nbd7 15. 0-0-0 0-0-0 16. Nxe6 fxe6 17. Bc4 Rhe8 18. Rde1 Nf8 19. g5 Nh5 20. Rhf1 Kc7 21. a4 Rd4 22. Rf7+ Rd7 23. Rf3 Rd4 24. Re4 Rxe4 25. Rf7+ Kc6 26. Nxe4 Ng6 27. a5 Ne5 28. Bb3 Nxf7 29. Ba4+ Kd5 30. Nc3+ Kd6 31. Bxe8 Ke7 32. Bxf7 Kxf7 33. Ne4 Ke7 34. Nc5 Nf4 35. Nxb7 Nxh3 36. b4 Nxg5 37. b5 Kd7 38. Nc5+ Kc8 39. Nxa6 Ne4 40. b6 Kb7 41. Nc7 Nc5 42. Kd2 h5 43. Ke3 h4 44. Kf4 g5+ 45. Kg4 e5 46. Nd5 e4 47. Ne3 Ka6 48. Nf1 Kxa5 49. Kxg5 1/2-1/2

[Event "Budapest SixDays 09 GM-B"]
[Site "Budapest"]
[Date "2023.09.23"]
[Round "9"]
[White "Yeganegi, Barad"]
[Black "Xiao, Tong"]
[Result "0-1"]
[WhiteElo "2261"]
[BlackElo "2452"]
[PlyCount "96"]
[EventDate "2023.09.18"]
[EventType "tourn"]
[EventRounds "9"]
[EventCountry "HUN"]
[EventCategory "6"]
[SourceTitle "EXT 2024"]
[Source "ChessBase"]
[SourceDate "2023.10.10"]
[SourceVersion "1"]
[SourceVersionDate "2023.10.10"]
[SourceQuality "1"]

1. d4 Nf6 2. c4 e6 3. Nc3 Bb4 4. e3 0-0 5. Bd2 b6 6. Nf3 Bb7 7. Bd3 d6 8. a3 Bxc3 9. Bxc3 Ne4 10. 0-0 Nxc3 11. bxc3 Nd7 12. e4 e5 13. Nd2 Qe7 14. f4 c5 15. fxe5 cxd4 16. cxd4 dxe5 17. d5 Nc5 18. Nb3 Ba6 19. Nxc5 Qxc5+ 20. Kh1 Bxc4 21. Bxc4 Qxc4 22. Qf3 f5 23. exf5 e4 24. Qg4 Qxd5 25. Rad1 Qe5 26. Rd7 Rf7 27. Rxf7 Kxf7 28. Rd1 Re8 29. Qh5+ Kg8 30. Rd5 Qe7 31. h3 e3 32. Qe2 Qxa3 33. Kh2 Qe7 34. Rd3 Qe5+ 35. g3 Kh8 36. f6 gxf6 37. Kg2 Qe4+ 38. Kh2 Qxd3 39. Qxd3 e2 40. Qc3 e1Q 41. Qxf6+ Kg8 42. Qg5+ Kf7 43. Qf5+ Ke7 44. Qxh7+ Kd6 45. Qd3+ Kc7 46. Qc4+ Kb8 47. h4 Re2+ 48. Kh3 Qh1+ 0-1

[Event "Budapest SixDays 09 GM"]
[Site "Budapest"]
[Date "2023.09.17"]
[Round "9"]
[White "Xiao, Tong"]
[Black "Aczel, Gergely"]
[Result "1/2-1/2"]
[WhiteElo "2452"]
[BlackElo "2486"]
[PlyCount "26"]
[EventDate "2023.09.12"]
[EventType "tourn"]
[EventRounds "9"]
[EventCountry "HUN"]
[EventCategory "6"]
[SourceTitle "EXT 2024"]
[Source "ChessBase"]
[SourceDate "2023.10.10"]
[SourceVersion "1"]
[SourceVersionDate "2023.10.10"]
[SourceQuality "1"]

1. e4 c6 2. d4 d5 3. e5 c5 4. Nf3 cxd4 5. Nxd4 Nc6 6. Bb5 Bd7 7. Nxc6 Bxc6 8. Bxc6+ bxc6 9. 0-0 e6 10. c4 Ne7 11. Qa4 Qd7 12. Nc3 Rb8 13. b3 Nf5 1/2-1/2

[Event "Budapest SixDays 09 GM"]
[Site "Budapest"]
[Date "2023.09.13"]
[Round "2"]
[White "Xiao, Tong"]
[Black "Yeganegi, Barad"]
[Result "1-0"]
[WhiteElo "2452"]
[BlackElo "2261"]
[PlyCount "139"]
[EventDate "2023.09.12"]
[EventType "tourn"]
[EventRounds "9"]
[EventCountry "HUN"]
[EventCategory "6"]
[SourceTitle "EXT 2024"]
[Source "ChessBase"]
[SourceDate "2023.10.10"]
[SourceVersion "1"]
[SourceVersionDate "2023.10.10"]
[SourceQuality "1"]

1. e4 e5 2. Nf3 Nc6 3. Bb5 Nf6 4. d3 Bc5 5. c3 d5 6. Nbd2 0-0 7. 0-0 dxe4 8. dxe4 Qe7 9. Qc2 Nb8 10. b4 Bb6 11. a4 c6 12. Be2 Bc7 13. Nc4 Rd8 14. Nfd2 Be6 15. Nb3 Nbd7 16. Nba5 Nb6 17. Ne3 Rab8 18. Ba3 Nc8 19. Nec4 Qe8 20. Rfd1 Nd6 21. Nxd6 Rxd6 22. Rxd6 Bxd6 23. Nc4 Bc7 24. Bc1 h6 25. a5 a6 26. Be3 Rd8 27. Nb6 Ng4 28. Bc5 Nf6 29. Na4 Qd7 30. f3 Qd2 31. Qxd2 Rxd2 32. Kf1 Bb3 33. Be3 Rc2 34. Nc5 Rxc3 35. Bd2 Rxc5 36. bxc5 Be6 37. Rb1 Bc8 38. Bc4 Nd7 39. Bb4 Kf8 40. Ke2 Ke8 41. g3 Bd8 42. h4 Be7 43. Rc1 Nf8 44. h5 Nd7 45. Ba2 Nf6 46. Bc3 Nd7 47. Rc2 Bf8 48. Bb2 Be7 49. f4 Nxc5 50. Ke3 Nd7 51. fxe5 Nf8 52. e6 f6 53. e5 Nxe6 54. exf6 Bxf6 55. Bxf6 gxf6 56. Bxe6 Bxe6 57. Rb2 Bc8 58. Kd4 Kd7 59. Kc5 Ke6 60. Re2+ Kf5 61. Re8 Bd7 62. Re7 Bc8 63. Rg7 Be6 64. Rg6 Bf7 65. g4+ Ke5 66. Rxh6 Be6 67. Rg6 f5 68. h6 fxg4 69. h7 Kf5 70. Rxe6 1-0

[Event "Benasque op 42nd"]
[Site "Benasque"]
[Date "2023.07.08"]
[Round "5"]
[White "Vasquez Schroder, Rodrigo Rafael"]
[Black "Xiao, Tong"]
[Result "0-1"]
[WhiteElo "2485"]
[BlackElo "2316"]
[PlyCount "108"]
[EventDate "2023.07.05"]
[EventType "swiss"]
[EventRounds "9"]
[EventCountry "ESP"]
[SourceTitle "EXT 2024"]
[Source "ChessBase"]
[SourceDate "2023.10.10"]
[SourceVersion "1"]
[SourceVersionDate "2023.10.10"]
[SourceQuality "1"]

1. d4 d5 2. c4 c6 3. Nc3 Nf6 4. Nf3 e6 5. Bg5 h6 6. Bxf6 Qxf6 7. e3 Nd7 8. Qc2 g6 9. Bd3 Bg7 10. 0-0 0-0 11. Rfd1 Qe7 12. a3 b6 13. Qe2 a6 14. cxd5 exd5 15. Rac1 Bb7 16. Bb1 Rad8 17. Ba2 Rfe8 18. Qc2 b5 19. Re1 Nf6 20. Ne2 Ne4 21. Nf4 a5 22. Nd3 a4 23. Re2 Rc8 24. Qd1 Nd6 25. Nc5 Nc4 26. e4 Rcd8 27. Nxb7 Qxb7 28. exd5 cxd5 29. Bxc4 bxc4 30. Rcc2 Re4 31. g3 Rd6 32. Ne5 Qb3 33. Rxe4 dxe4 34. Nxc4 Rxd4 35. Qe2 Kh7 36. Kg2 Qd3 37. Ne3 h5 38. Qe1 Bh6 39. Rc7 Bxe3 40. Rxf7+ Kg8 41. fxe3 Kxf7 42. exd4 Qxd4 43. Qf1+ Kg7 44. Qb5 Qd2+ 45. Kh3 e3 46. Qe5+ Kf7 47. Qf4+ Ke6 48. Qh4 Qd3 49. Qxa4 e2 50. Qe8+ Kd5 51. Qf7+ Kd6 52. Qf6+ Kc7 53. Qe7+ Kb6 54. Qg5 Qd7+ 0-1

[Event "Benasque op 42nd"]
[Site "Benasque"]
[Date "2023.07.05"]
[Round "1"]
[White "Torrente Gayarre, Lorenzo"]
[Black "Xiao, Tong"]
[Result "0-1"]
[WhiteElo "1727"]
[BlackElo "2316"]
[PlyCount "50"]
[EventDate "2023.07.05"]
[EventType "swiss"]
[EventRounds "9"]
[EventCountry "ESP"]
[SourceTitle "EXT 2024"]
[Source "ChessBase"]
[SourceDate "2023.10.10"]
[SourceVersion "1"]
[SourceVersionDate "2023.10.10"]
[SourceQuality "1"]

1. d4 Nf6 2. Nf3 e6 3. g3 b6 4. Bg2 Bb7 5. 0-0 c5 6. c4 d6 7. Nc3 Be7 8. Qb3 Nbd7 9. dxc5 Nxc5 10. Qb5+ Nfd7 11. Nd4 Bxg2 12. Kxg2 a6 13. Qc6 0-0 14. Qf3 Ne5 15. Nc6 Nxf3 16. Nxd8 Ne5 17. f4 Nxc4 18. Nc6 Bf6 19. Nb4 d5 20. Nd3 Rfc8 21. Nd1 Ne4 22. N3f2 Ncd6 23. Ng4 Nf5 24. Nxf6+ gxf6 25. Ne3 Nd4 0-1

[Event "CHN-chT"]
[Site "Nanjing"]
[Date "2023.02.20"]
[Round "7.4"]
[White "Xiao, Tong"]
[Black "Nie, Xinyang"]
[Result "1/2-1/2"]
[WhiteElo "2142"]
[BlackElo "2360"]
[PlyCount "114"]
[EventDate "2023.02.14"]
[EventType "team-swiss"]
[EventRounds "9"]
[EventCountry "CHN"]
[SourceTitle "CBM 212 Extra"]
[Source "ChessBase"]
[SourceDate "2023.03.31"]
[SourceVersion "1"]
[SourceVersionDate "2023.03.31"]
[SourceQuality "1"]
[WhiteTeam "Shandong"]
[BlackTeam "Chongqing"]
[WhiteTeamCountry "CHN"]
[BlackTeamCountry "CHN"]

1. e4 e6 2. d4 d5 3. Nc3 Bb4 4. e5 c5 5. a3 Bxc3+ 6. bxc3 Nc6 7. Qg4 g6 8. Nf3 Qa5 9. Bd2 c4 10. Be2 Bd7 11. h4 h6 12. Qf4 Rh7 13. Rh3 0-0-0 14. Nh2 Nce7 15. Ng4 Ba4 16. Bd1 Rf8 17. Kf1 Qd8 18. Rb1 b6 19. Rb4 a5 20. Rb2 Kb7 21. Kg1 Ka7 22. Nf6 Nxf6 23. exf6 Nc6 24. Qh2 Qd7 25. Bf4 Rc8 26. Re3 h5 27. Qg3 Ka6 28. Bf3 Rhh8 29. Qg5 Na7 30. Bd1 Nb5 31. f3 Qd8 32. Be5 Qf8 33. Ra2 Nxa3 34. Kf2 Bd7 35. Ke1 Nb5 36. Kd2 Nd6 37. Re1 Nf5 38. Be2 Rc6 39. g3 Qh6 40. Rh1 Nd6 41. Ke3 Qf8 42. Rb1 Nb5 43. Kd2 Qh6 44. Rh1 Na7 45. Ke3 Rcc8 46. Rb2 Rc6 47. Ra2 Rh7 48. Bf4 Qxg5 49. hxg5 Rc8 50. Kd2 Rch8 51. Rh4 Kb7 52. Bd6 Nb5 53. Be7 Kc7 54. Ra1 Nd6 55. Bxd6+ Kxd6 56. f4 Ra8 57. Rah1 b5 1/2-1/2

[Event "CHN-chT Div A"]
[Site "Liaocheng"]
[Date "2023.02.09"]
[Round "4.2"]
[White "Xiao, Tong"]
[Black "Huang, Renjie"]
[Result "1-0"]
[WhiteElo "2142"]
[BlackElo "2455"]
[PlyCount "83"]
[EventDate "2023.02.06"]
[EventType "team-tourn"]
[EventRounds "6"]
[EventCountry "CHN"]
[SourceTitle "CBM 212 Extra"]
[Source "ChessBase"]
[SourceDate "2023.03.31"]
[SourceVersion "1"]
[SourceVersionDate "2023.03.31"]
[SourceQuality "1"]
[WhiteTeam "Hangzhou Zhenjiang"]
[BlackTeam "Shandong"]
[WhiteTeamCountry "CHN"]
[BlackTeamCountry "CHN"]

1. e4 e5 2. Nf3 Nc6 3. Bb5 a6 4. Ba4 Nf6 5. d3 b5 6. Bb3 Bc5 7. Nc3 d6 8. Nd5 h6 9. c3 Be6 10. 0-0 Bxd5 11. exd5 Ne7 12. d4 exd4 13. Nxd4 0-0 14. Qf3 Bxd4 15. cxd4 Ng6 16. Re1 Nd7 17. Bd2 a5 18. Rac1 Ra7 19. g3 Qf6 20. Qd3 Rb8 21. a3 Ne7 22. Re4 Ng6 23. h4 Qd8 24. h5 Ngf8 25. Rce1 Nf6 26. Re7 Nxh5 27. Bxh6 Ng6 28. Bc2 Qf8 29. Bg5 Nf6 30. Bxf6 gxf6 31. Qf5 Raa8 32. Rxc7 Rc8 33. Rd7 Qg7 34. Bd3 Re8 35. Re6 Rac8 36. Qxf6 Qxf6 37. Rxf6 Ne7 38. Bxb5 Kg7 39. Rf3 Rc1+ 40. Kg2 Re1 41. Rxd6 Rh8 42. Rdf6 1-0

[Event "CHN-chT Div A"]
[Site "Liaocheng"]
[Date "2023.02.06"]
[Round "1.2"]
[White "Huang, Renjie"]
[Black "Xiao, Tong"]
[Result "1-0"]
[WhiteElo "2455"]
[BlackElo "2142"]
[PlyCount "69"]
[EventDate "2023.02.06"]
[EventType "team-tourn"]
[EventRounds "6"]
[EventCountry "CHN"]
[SourceTitle "CBM 212 Extra"]
[Source "ChessBase"]
[SourceDate "2023.03.31"]
[SourceVersion "1"]
[SourceVersionDate "2023.03.31"]
[SourceQuality "1"]
[WhiteTeam "Shandong"]
[BlackTeam "Hangzhou Zhenjiang"]
[WhiteTeamCountry "CHN"]
[BlackTeamCountry "CHN"]

1. e4 c5 2. Nf3 d6 3. d4 cxd4 4. Nxd4 Nf6 5. Nc3 a6 6. Bd3 g6 7. f3 Bg7 8. Be3 Nbd7 9. Qd2 h5 10. 0-0-0 b5 11. h3 Bb7 12. g4 Nb6 13. e5 Nfd5 14. e6 Nc4 15. Bxc4 bxc4 16. Nxd5 Bxd5 17. Nf5 Bxb2+ 18. Kxb2 fxe6 19. Qc3 Kd7 20. Nh4 Rg8 21. Rhf1 Qc7 22. f4 hxg4 23. hxg4 Qc6 24. Ka1 Be4 25. Bg1 Qa4 26. Nf3 Qxc2 27. Ne5+ Ke8 28. Qxc2 Bxc2 29. Rc1 Be4 30. Nxc4 Kf7 31. Nd2 Bd5 32. Nf3 Rgc8 33. Nd4 Kf6 34. Be3 Rxc1+ 35. Rxc1 1-0